Sports Quiz

Random Sports or World Cup Quiz

FIFA World Cup Bunker Quiz Stats

 Plays Quiz Updated Mar 3, 2018

Challenge
Share
Tweet
Embed
Score 0/15 Timer 05:00
0 Plays Today
Question Answer % Correct
????
100%
????
99.4%
????
97.5%
????
90.7%
????
86.7%
????
66.9%
????
46.6%
????
35.3%
Question Answer % Correct
????
24.2%
????
14.8%
????
11.9%
????
9.6%
????
8.8%
????
4.4%
????
2.6%

You're not logged in!

Compare scores with friends on all Sporcle quizzes.
OR
Log In

You Might Also Like...

Show Comments

Extras

Top Quizzes Today


Score Distribution

Your Account Isn't Verified!

In order to create a playlist on Sporcle, you need to verify the email address you used during registration. Go to your Sporcle Settings to finish the process.

Report this User

Report this user for behavior that violates our Community Guidelines.

Details: